[Event "EYCC 2017"]
[Site "Mamaia"]
[Date "2017.09.09"]
[Round "5"]
[White "Kostecka, Marika"]
[Black "Cramling Bellon, Anna"]
[Result "0-1"]
[WhiteElo "1811"]
[BlackElo "1926"]
[Annotator "NA"]
[PlyCount "60"]
[EventDate "2017.??.??"]
[EventType "swiss"]
[EventCountry "ROU"]
[SourceTitle "playchess.com"]
[Source "ChessBase"]
[SourceQuality "1"]
[TimeControl "40/5400+30:1800+30"]

1. e4 {[%emt 0:00:00]} c5 {[%emt 0:00:04]} 2. Nf3 {[%emt 0:00:00]} d6 {[%emt 0:00:02]} 3. d4 {[%emt 0:00:00]} cxd4 {[%emt 0:00:04]} 4. Nxd4 {[%emt 0:00:12]} Nf6 {[%emt 0:00:04]} 5. Nc3 {[%emt 0:00:08]} a6 {[%emt 0:00:03]} 6. Be3 {[%emt 0:00:21]} Ng4 {[%emt 0:01:43]} 7. Bc1 {[%emt 0:02:45]} Nf6 {[%emt 0:00:10]} 8. Be3 {[%emt 0:00:06]} Ng4 {[%emt 0:20:13]} 9. Bg5 {[%emt 0:02:10]} h6 {[%emt 0:00:09]} 10. Bh4 {[%emt 0:00:04]} g5 {[%emt 0:00:02]} 11. Bg3 {[%emt 0:00:06]} Bg7 {[%emt 0:00:07]} 12. h3 {[%emt 0:00:25]} Ne5 {[%emt 0:00:19]} 13. Nf5 {[%emt 0:01:39]} Bxf5 {[%emt 0:09:45]} 14. exf5 {[%emt 0:00:06]} Qd7 {[%emt 0:00:57]} 15. Nd5 {[%emt 0:01:20]} Qc6 {[%emt 0:02:37]} 16. Be2 {[%emt 0:08:03]} Nbd7 {[%emt 0:00:28]} 17. O-O {[%emt 0:04:53]} Nf6 {[%emt 0:09:24]} 18. Ne3 {[%emt 0:00:42]} Rd8 {[%emt 0:03:13]} 19. c4 {[%emt 0:10:05]} h5 {[%emt 0:08:28]} 20. Rc1 {[%emt 0:25:14]} Ne4 {[%emt 0:12:37]} 21. Bh2 {[%emt 0:01:03]} g4 {[%emt 0:05:47]} 22. hxg4 {[%emt 0:02:36]} hxg4 {[%emt 0:00:09]} 23. Nxg4 {[%emt 0:01:53]} Nxg4 {[%emt 0:00:41]} 24. Bxg4 {[%emt 0:00:30]} Be5 {[%emt 0:16:07]} 25. Bxe5 {[%emt 0:01:04]} dxe5 {[%emt 0:00:01]} 26. Qf3 {[%emt 0:02:18]} Qh6 {[%emt 0:00:45]} 27. Qh3 {[%emt 0:00:37]} Qg7 {[%emt 0:01:01]} 28. Qe3 {[%emt 0:07:51]} Qxg4 {[%emt 0:02:08]} 29. f3 {[%emt 0:00:15]} Qg3 {[%emt 0:00:33]} 30. Qxe4 {[%emt 0:01:38]} Rd2 {[%emt 0:00:10]} 0-1

[Event "EYCC 2017"]
[Site "Mamaia"]
[Date "2017.09.09"]
[Round "5"]
[White "Dejanovic, Tereza"]
[Black "Miroshnik, Ekaterina"]
[Result "0-1"]
[WhiteElo "1808"]
[BlackElo "2006"]
[Annotator "NA"]
[PlyCount "107"]
[EventDate "2017.??.??"]
[EventType "swiss"]
[EventCountry "ROU"]
[SourceTitle "playchess.com"]
[Source "ChessBase"]
[SourceQuality "1"]
[TimeControl "40/5400+30:1800+30"]

1. e4 {[%emt 0:00:00]} c5 {[%emt 0:00:06]} 2. c3 {[%emt 0:00:00]} Nf6 {[%emt 0:00:12]} 3. e5 {[%emt 0:00:00]} Nd5 {[%emt 0:00:05]} 4. d4 {[%emt 0:00:00]} cxd4 {[%emt 0:00:04]} 5. Nf3 {[%emt 0:00:01]} e6 {[%emt 0:01:00]} 6. cxd4 {[%emt 0:00:08]} d6 {[%emt 0:00:08]} 7. Bc4 {[%emt 0:02:31]} Be7 {[%emt 0:00:05]} 8. O-O {[%emt 0:00:30]} O-O {[%emt 0:00:04]} 9. Re1 {[%emt 0:06:21]} Nc6 {[%emt 0:03:50]} 10. a3 {[%emt 0:06:08] B22: Sicilian: 2 c3} Bd7 {[%emt 0:07:32]} (10... b6 11. Qe2 dxe5 12. dxe5 Bb7 13. Bd2 Bc5 14. Nc3 Nxc3 15. Bxc3 Nd4 16. Nxd4 Bxd4 17. Bxd4 Qxd4 {½-½ (31) Howell,D (2688)-So,W (2775) Doha 2015}) 11. Bxd5 {[%emt 0:02:33]} exd5 {[%emt 0:00:15]} 12. Qb3 $146 {[%emt 0:01:30]} ({Predecessor:} 12. Nc3 Be6 13. Bf4 dxe5 14. Nxe5 Nxe5 15. Bxe5 Qd7 16. Qb3 Rfc8 17. Rad1 Rc6 {0-1 (38) Kersten,U (2280)-Keymer,V (2428) Schwaebisch Gmuend 2017}) 12... Na5 {[%emt 0:04:01]} 13. Qd3 {[%emt 0:03:18]} h6 {[%emt 0:10:29]} 14. Bf4 {[%emt 0:06:42]} Be6 {[%emt 0:03:06]} 15. exd6 {[%emt 0:08:11]} Bxd6 {[%emt 0:00:14]} 16. Bxd6 {[%emt 0:00:04]} Qxd6 {[%emt 0:00:04]} 17. Nbd2 {[%emt 0:03:07]} Nc4 {[%emt 0:07:09]} 18. Rab1 {[%emt 0:07:23]} Qf4 {[%emt 0:14:43]} 19. Nxc4 {[%emt 0:02:49]} dxc4 {[%emt 0:00:20]} 20. Qe3 {[%emt 0:00:35]} Qxe3 {[%emt 0:05:57]} 21. fxe3 {[%emt 0:01:12]} f5 {[%emt 0:01:04]} 22. Ne5 {[%emt 0:01:06]} Rfd8 {[%emt 0:02:31]} 23. Red1 {[%emt 0:03:06]} Rac8 {[%emt 0:04:57]} 24. Rbc1 {[%emt 0:02:25]} b5 {[%emt 0:01:01]} 25. g4 {[%emt 0:11:23]} Rd6 26. gxf5 {[%emt 0:06:08]} Bxf5 {[%emt 0:19:42]} 27. Rf1 {[%emt 0:01:19]} Be6 {[%emt 0:04:19]} 28. Rf2 {[%emt 0:07:52]} a5 {[%emt 0:05:17]} 29. Rfc2 $11 {[%emt 0:05:22]} Kh7 {[%emt 0:04:42]} 30. Rd2 {[%emt 0:04:08]} Bd5 {[%emt 0:00:51]} 31. Re2 {[%emt 0:02:05]} Be4 {[%emt 0:01:22]} 32. Rf2 {[%emt 0:01:24]} Bd5 {[%emt 0:00:36]} 33. Re2 {[%emt 0:00:21]} Be4 {[%emt 0:00:06]} 34. Rf2 {[%emt 0:00:07]} Rf6 {[%emt 0:00:46]} 35. Rd2 {[%emt 0:02:55]} Rd6 {[%emt 0:00:13]} 36. Rf2 {[%emt 0:01:29]} Rf6 {[%emt 0:00:05]} 37. Rd2 {[%emt 0:00:07]} Rf5 {[%emt 0:00:56]} 38. Rf2 {[%emt 0:01:50]} Rf6 {[%emt 0:00:40]} 39. Rd2 {[%emt 0:01:20]} Rf5 {[%emt 0:00:12]} 40. Rf2 {[%emt 0:00:00]} Rf6 {[%emt 0:00:36]} 41. Rd2 {[%emt 0:03:30]} Rcf8 {[%emt 0:06:22]} 42. a4 {[%emt 0:07:11]} b4 {[%emt 0:09:51]} 43. h4 {[%emt 0:03:08]} c3 {[%emt 0:03:09]} 44. bxc3 {[%emt 0:02:40]} bxc3 {[%emt 0:00:17]} 45. Rxc3 {[%emt 0:01:11]} Rf1+ {[%emt 0:00:15]} 46. Kh2 {[%emt 0:00:04]} Rh1+ {[%emt 0:03:12]} 47. Kg3 {[%emt 0:00:06]} Rff1 {[%emt 0:01:00]} 48. Rc7 {[%emt 0:07:18]} Rfg1+ {[%emt 0:02:28]} 49. Kf4 {[%emt 0:00:07]} Rxh4+ {[%emt 0:00:17]} 50. Ng4 {[%emt 0:00:06]} Rgxg4+ {[%emt 0:00:33]} 51. Ke5 {[%emt 0:00:07]} Rg5+ {[%emt 0:00:16]} 52. Kd6 {[%emt 0:00:55]} Rd5+ {[%emt 0:02:03]} 53. Ke7 {[%emt 0:00:47]} Bh1 {[%emt 0:02:20]} 54. Rd7 0-1

[Event "EYCC 2017"]
[Site "Mamaia"]
[Date "2017.09.09"]
[Round "5"]
[White "Mkrtchyan, Anahit"]
[Black "Keskinler, Ela"]
[Result "1-0"]
[WhiteElo "1806"]
[BlackElo "1276"]
[Annotator "NA"]
[PlyCount "43"]
[EventDate "2017.??.??"]
[EventType "swiss"]
[EventCountry "ROU"]
[SourceTitle "playchess.com"]
[Source "ChessBase"]
[SourceQuality "1"]
[TimeControl "40/5400+30:1800+30"]

1. e4 {[%emt 0:00:00]} c5 {[%emt 0:00:09]} 2. Nf3 {[%emt 0:00:00]} d6 {[%emt 0:00:05]} 3. Bb5+ {[%emt 0:00:00]} Nc6 {[%emt 0:00:12]} 4. O-O {[%emt 0:00:08]} Bd7 {[%emt 0:00:02]} 5. c3 {[%emt 0:00:33]} Nf6 {[%emt 0:02:28]} 6. Re1 {[%emt 0:00:44]} g6 {[%emt 0:05:22]} 7. d4 {[%emt 0:00:28]} cxd4 {[%emt 0:01:12]} 8. cxd4 {[%emt 0:00:18]} a6 {[%emt 0:04:12]} 9. Bc4 {[%emt 0:01:23]} b5 {[%emt 0:07:23]} 10. e5 {[%emt 0:00:59]} dxe5 {[%emt 0:02:02]} 11. dxe5 {[%emt 0:01:59]} Nxe5 {[%emt 0:03:37]} 12. Nxe5 {[%emt 0:00:16]} bxc4 {[%emt 0:00:06]} 13. Nxc4 {[%emt 0:00:07]} Bc6 {[%emt 0:15:51]} 14. Nd6+ {[%emt 0:00:07]} Kd7 {[%emt 0:49:20]} 15. Nxf7+ {[%emt 0:00:14]} Kc7 {[%emt 0:00:12]} 16. Bf4+ {[%emt 0:00:24]} Kb7 {[%emt 0:00:13]} 17. Nxd8+ {[%emt 0:00:23]} Rxd8 {[%emt 0:00:31]} 18. Qxd8 {[%emt 0:00:16]} Bg7 {[%emt 0:00:48]} 19. Rxe7+ {[%emt 0:00:10]} Nd7 {[%emt 0:00:13]} 20. Qc7+ {[%emt 0:00:07]} Ka8 {[%emt 0:00:08]} 21. Qxc6+ {[%emt 0:00:16]} Ka7 {[%emt 0:00:03]} 22. Rxd7# {[%emt 0:00:06]} 1-0

[Event "EYCC 2017"]
[Site "Mamaia"]
[Date "2017.09.09"]
[Round "5"]
[White "Toncheva, Nadya"]
[Black "Karavitaki, Evaggelia"]
[Result "1-0"]
[WhiteElo "1802"]
[BlackElo "1703"]
[Annotator "NA"]
[PlyCount "107"]
[EventDate "2017.??.??"]
[EventType "swiss"]
[EventCountry "ROU"]
[SourceTitle "playchess.com"]
[Source "ChessBase"]
[SourceQuality "1"]
[TimeControl "40/5400+30:1800+30"]

1. d4 {[%emt 0:00:00]} Nf6 {[%emt 0:00:08]} 2. c4 {[%emt 0:00:00]} e6 {[%emt 0:00:07]} 3. Nc3 {[%emt 0:00:00]} Bb4 {[%emt 0:00:10]} 4. e3 {[%emt 0:00:00]} b6 {[%emt 0:00:21]} 5. Nge2 {[%emt 0:00:00]} Ba6 {[%emt 0:00:56]} 6. Ng3 {[%emt 0:00:29]} O-O {[%emt 0:03:19]} 7. Qf3 {[%emt 0:01:42]} Nc6 {[%emt 0:02:35]} 8. a3 {[%emt 0:04:12]} Bxc3+ {[%emt 0:02:13]} 9. bxc3 {[%emt 0:00:06]} Na5 {[%emt 0:02:09]} 10. e4 {[%emt 0:04:35]} Bxc4 {[%emt 0:13:47]} 11. Bxc4 {[%emt 0:00:48]} Nxc4 {[%emt 0:00:10]} 12. Bg5 {[%emt 0:00:02]} h6 {[%emt 0:01:18]} 13. h4 {[%emt 0:00:03]} Re8 {[%emt 0:21:16]} 14. Bxf6 {[%emt 0:10:52]} Qxf6 {[%emt 0:00:43]} 15. Qxf6 {[%emt 0:00:02]} gxf6 {[%emt 0:00:11]} 16. Nh5 {[%emt 0:00:01]} Red8 {[%emt 0:01:52]} 17. Nxf6+ {[%emt 0:04:17]} Kg7 {[%emt 0:00:48]} 18. Nh5+ {[%emt 0:09:04]} Kf8 {[%emt 0:01:58]} 19. g4 {[%emt 0:14:13]} Ke7 {[%emt 0:03:03]} 20. f4 {[%emt 0:06:38]} Ne3 {[%emt 0:05:44]} 21. Ke2 {[%emt 0:14:21]} Nxg4 {[%emt 0:01:14]} 22. Rag1 {[%emt 0:00:31]} Nf6 {[%emt 0:02:32]} 23. Nxf6 {[%emt 0:01:00]} Kxf6 {[%emt 0:00:07]} 24. e5+ {[%emt 0:00:25]} Kf5 {[%emt 0:06:09]} 25. Rg7 {[%emt 0:01:58]} Rg8 {[%emt 0:07:36]} 26. Rhg1 {[%emt 0:09:20]} Rxg7 {[%emt 0:01:39]} 27. Rxg7 {[%emt 0:00:01]} Kxf4 {[%emt 0:07:48]} 28. Rxf7+ {[%emt 0:00:13]} Kg4 {[%emt 0:00:11]} 29. Rxd7 {[%emt 0:00:45]} c5 {[%emt 0:02:58]} 30. Re7 {[%emt 0:01:23]} cxd4 {[%emt 0:02:15]} 31. cxd4 {[%emt 0:00:01]} Kf5 {[%emt 0:03:06]} 32. Kf3 {[%emt 0:01:52]} Rd8 {[%emt 0:01:48]} 33. Rf7+ {[%emt 0:00:15]} Kg6 {[%emt 0:00:13]} 34. Rf6+ {[%emt 0:00:03]} Kh5 {[%emt 0:00:30]} 35. Ke4 {[%emt 0:01:09]} Re8 {[%emt 0:00:50]} 36. d5 {[%emt 0:07:52]} exd5+ {[%emt 0:00:06]} 37. Kxd5 {[%emt 0:00:04]} b5 {[%emt 0:05:56]} 38. e6 {[%emt 0:00:07]} Kxh4 {[%emt 0:01:01]} 39. Rxh6+ {[%emt 0:00:28]} Kg5 {[%emt 0:00:04]} 40. Rh7 {[%emt 0:00:00]} Kf6 {[%emt 0:01:04]} 41. Rf7+ {[%emt 0:01:37]} Kg6 {[%emt 0:00:41]} 42. Rxa7 {[%emt 0:00:26]} Rb8 {[%emt 0:10:08]} 43. Kd6 {[%emt 0:04:13]} b4 {[%emt 0:01:34]} 44. axb4 {[%emt 0:00:09]} Rxb4 {[%emt 0:00:28]} 45. Ra1 {[%emt 0:01:55]} Rd4+ {[%emt 0:12:22]} 46. Ke7 {[%emt 0:01:33]} Re4 {[%emt 0:00:55]} 47. Rg1+ {[%emt 0:04:08]} Kh7 {[%emt 0:00:34]} 48. Kf7 {[%emt 0:00:25]} Rf4+ {[%emt 0:00:33]} 49. Ke8 {[%emt 0:00:06]} Re4 {[%emt 0:02:13]} 50. e7 {[%emt 0:00:05]} Re2 {[%emt 0:00:46]} 51. Rg4 {[%emt 0:00:15]} Ra2 {[%emt 0:01:06]} 52. Re4 {[%emt 0:00:53]} Kg7 {[%emt 0:02:04]} 53. Kd7 {[%emt 0:00:14]} Ra7+ {[%emt 0:00:25]} 54. Kc6 {[%emt 0:00:14]} 1-0

[Event "EYCC 2017"]
[Site "Mamaia"]
[Date "2017.09.09"]
[Round "5"]
[White "Mkrtchyan, Mariam"]
[Black "Bulatova, Kamaliya"]
[Result "1/2-1/2"]
[WhiteElo "1794"]
[BlackElo "2014"]
[Annotator "NA"]
[PlyCount "134"]
[EventDate "2017.??.??"]
[EventType "swiss"]
[EventCountry "ROU"]
[SourceTitle "playchess.com"]
[Source "ChessBase"]
[SourceQuality "1"]
[TimeControl "40/5400+30:1800+30"]

1. d4 {[%emt 0:00:00]} Nf6 {[%emt 0:00:03]} 2. Bg5 {[%emt 0:00:00]} Ne4 {[%emt 0:00:34]} 3. Bf4 {[%emt 0:00:00]} c5 {[%emt 0:00:26]} 4. f3 {[%emt 0:00:16]} Qa5+ {[%emt 0:00:23]} 5. c3 {[%emt 0:00:13]} Nf6 {[%emt 0:00:13]} 6. d5 {[%emt 0:00:26]} Qb6 {[%emt 0:00:41]} 7. Bc1 {[%emt 0:00:21]} e6 {[%emt 0:00:22]} 8. e4 {[%emt 0:00:08]} exd5 {[%emt 0:00:36]} 9. exd5 {[%emt 0:00:00]} Bd6 {[%emt 0:00:23]} 10. c4 {[%emt 0:00:47]} O-O {[%emt 0:01:47]} 11. Bd3 {[%emt 0:00:25]} Re8+ {[%emt 0:07:53]} 12. Ne2 {[%emt 0:00:26]} Bf8 {[%emt 0:01:50]} 13. Nbc3 {[%emt 0:00:43]} d6 {[%emt 0:02:43]} 14. O-O {[%emt 0:03:11]} Nbd7 {[%emt 0:02:09]} 15. f4 {[%emt 0:03:59]} Qd8 {[%emt 0:05:49]} 16. h3 {[%emt 0:02:19]} a6 {[%emt 0:05:51]} 17. a4 {[%emt 0:00:58]} b6 {[%emt 0:01:45]} 18. Qc2 {[%emt 0:03:07]} Rb8 {[%emt 0:07:34]} 19. g4 {[%emt 0:05:42]} g6 {[%emt 0:06:39]} 20. Ng3 {[%emt 0:02:04]} Nxg4 {[%emt 0:17:38]} 21. hxg4 {[%emt 0:00:51]} Qh4 {[%emt 0:00:04]} 22. Qh2 {[%emt 0:05:43]} Qf6 {[%emt 0:01:11]} 23. Nge2 {[%emt 0:13:24]} Qg7 {[%emt 0:04:02]} 24. g5 {[%emt 0:05:05]} f6 {[%emt 0:02:36]} 25. Ne4 {[%emt 0:01:26]} Be7 {[%emt 0:02:33]} 26. Bd2 {[%emt 0:03:48]} b5 {[%emt 0:03:28]} 27. axb5 {[%emt 0:01:38]} axb5 {[%emt 0:00:04]} 28. b3 {[%emt 0:13:58]} b4 {[%emt 0:01:16]} 29. Ra7 {[%emt 0:01:50]} f5 {[%emt 0:04:13]} 30. N4g3 {[%emt 0:01:31]} Qb2 {[%emt 0:02:05]} 31. Nc1 {[%emt 0:03:01]} Bb7 {[%emt 0:01:33]} 32. Re1 {[%emt 0:07:44]} Nf8 {[%emt 0:03:10]} 33. Ra2 {[%emt 0:00:32]} Qd4+ {[%emt 0:00:36]} 34. Kh1 {[%emt 0:02:08]} Bc8 {[%emt 0:01:53]} 35. Be3 {[%emt 0:03:00]} Qg7 {[%emt 0:00:08]} 36. Rae2 {[%emt 0:02:14]} Qf7 {[%emt 0:01:31]} 37. Bd2 {[%emt 0:01:10]} Bd7 {[%emt 0:01:10]} 38. Bb1 {[%emt 0:02:16]} Ra8 {[%emt 0:02:17]} 39. Nd3 {[%emt 0:03:00]} Ra7 {[%emt 0:03:09]} 40. Bc1 {[%emt 0:00:00]} Bd8 {[%emt 0:00:47]} 41. Bb2 {[%emt 0:02:52]} Rxe2 {[%emt 0:01:42]} 42. Qxe2 {[%emt 0:00:10]} Ra8 {[%emt 0:04:29]} 43. Bc2 {[%emt 0:12:00]} Bc7 {[%emt 0:03:11]} 44. Qd2 {[%emt 0:03:12]} Re8 {[%emt 0:03:56]} 45. Rf1 {[%emt 0:05:02]} Qe7 {[%emt 0:01:16]} 46. Rf3 {[%emt 0:00:05]} Ra8 {[%emt 0:03:19]} 47. Qc1 {[%emt 0:02:10]} h6 {[%emt 0:06:13]} 48. gxh6 {[%emt 0:01:34]} Qh4+ {[%emt 0:00:04]} 49. Kg2 {[%emt 0:00:11]} Qxh6 {[%emt 0:00:26]} 50. Rf1 {[%emt 0:00:55]} Nh7 {[%emt 0:01:25]} 51. Ba1 {[%emt 0:01:45]} Bd8 {[%emt 0:00:23]} 52. Rh1 {[%emt 0:03:40]} Qf8 {[%emt 0:00:28]} 53. Qg1 {[%emt 0:01:05]} Ra2 {[%emt 0:00:32]} 54. Qb1 {[%emt 0:00:05]} Ra8 {[%emt 0:00:09]} 55. Nf2 {[%emt 0:02:34]} Ra7 {[%emt 0:03:32]} 56. Nh3 {[%emt 0:00:51]} Bf6 {[%emt 0:02:27]} 57. Bb2 {[%emt 0:00:17]} Qg7 {[%emt 0:01:07]} 58. Bxf6 {[%emt 0:01:50]} Qxf6 {[%emt 0:00:10]} 59. Re1 {[%emt 0:00:54]} Kf7 {[%emt 0:00:54]} 60. Kf3 {[%emt 0:01:42]} Ra3 {[%emt 0:02:29]} 61. Kg2 {[%emt 0:01:04]} Ra8 {[%emt 0:01:06]} 62. Nf1 {[%emt 0:00:41]} Qc3 {[%emt 0:02:26]} 63. Nh2 {[%emt 0:02:40]} Qd2+ {[%emt 0:01:58]} 64. Kh1 {[%emt 0:00:46]} Qc3 {[%emt 0:00:38]} 65. Kg2 {[%emt 0:00:20]} Qd2+ {[%emt 0:00:05]} 66. Kh1 {[%emt 0:01:30]} Qc3 {[%emt 0:00:05]} 67. Kg2 {[%emt 0:01:04]} Qd2+ {[%emt 0:00:09]} 1/2-1/2

[Event "EYCC 2017"]
[Site "Mamaia"]
[Date "2017.09.09"]
[Round "5"]
[White "Samunenkov, Igor"]
[Black "Verma, Shlok"]
[Result "1/2-1/2"]
[WhiteElo "1794"]
[BlackElo "1658"]
[Annotator "NA"]
[PlyCount "92"]
[EventDate "2017.??.??"]
[EventType "swiss"]
[EventCountry "ROU"]
[SourceTitle "playchess.com"]
[Source "ChessBase"]
[SourceQuality "1"]
[TimeControl "40/5400+30:1800+30"]

1. d4 e6 2. Bf4 g5 3. Bg3 Nc6 4. e3 d6 5. c4 h5 6. f3 Bg7 7. Nc3 Nge7 8. Bd3 f5 9. Nge2 Bd7 10. Bf2 e5 11. d5 Nb4 12. Bb1 Na6 13. h4 Ng6 14. hxg5 Qxg5 15. Qd2 Nc5 16. f4 Qf6 17. Bc2 h4 18. e4 exf4 19. Bd4 Ne5 20. Nxf4 Qg5 21. Bxe5 Bxe5 22. Ne6 Qxd2+ 23. Kxd2 Nxe6 24. dxe6 Bxe6 25. Nd5 Bxd5 26. exd5 Rg8 27. Rxh4 Rxg2+ 28. Kd3 O-O-O 29. Rf1 f4 30. Rh3 Rdg8 31. b4 R2g3+ 32. Rf3 Kd8 33. Ke2 Ke8 34. Be4 Rg2+ 35. Rf2 Rxf2+ 36. Kxf2 Rg3 37. Rxg3 fxg3+ 38. Kf3 Kf7 39. b5 Kf6 40. Bd3 Kg5 41. Be4 Kh4 42. Bf5 g2 43. Kxg2 Kg5 44. Bc8 b6 45. Kf3 Kf6 46. Ke4 Kg5 1/2-1/2

[Event "EYCC 2017"]
[Site "Mamaia"]
[Date "2017.09.09"]
[Round "5"]
[White "Zvereva, Margarita"]
[Black "Zavivaeva, Emilia"]
[Result "1-0"]
[WhiteElo "1790"]
[BlackElo "1582"]
[Annotator "NA"]
[PlyCount "125"]
[EventDate "2017.??.??"]
[EventType "swiss"]
[EventCountry "ROU"]
[SourceTitle "playchess.com"]
[Source "ChessBase"]
[SourceQuality "1"]
[TimeControl "40/5400+30:1800+30"]

1. d4 {[%emt 0:00:00]} Nf6 {[%emt 0:00:36]} 2. c4 {[%emt 0:00:00]} e6 {[%emt 0:00:08]} 3. Nf3 {[%emt 0:00:00]} Bb4+ {[%emt 0:00:11]} 4. Bd2 {[%emt 0:00:16]} Qe7 {[%emt 0:00:54]} 5. a3 {[%emt 0:05:45]} Bxd2+ {[%emt 0:00:42]} 6. Qxd2 {[%emt 0:00:29]} b6 {[%emt 0:01:26]} 7. g3 {[%emt 0:01:51]} Bb7 {[%emt 0:00:13]} 8. Bg2 {[%emt 0:00:11]} d6 {[%emt 0:01:12]} 9. Nc3 {[%emt 0:02:56]} Nbd7 {[%emt 0:00:28]} 10. O-O {[%emt 0:01:24]} O-O {[%emt 0:02:59]} 11. Qc2 {[%emt 0:03:09]} c5 {[%emt 0:01:21]} 12. Rfd1 {[%emt 0:07:03]} Rac8 {[%emt 0:07:18]} 13. d5 {[%emt 0:08:03]} e5 {[%emt 0:01:53]} 14. Nd2 {[%emt 0:05:33]} a6 {[%emt 0:14:19]} 15. Qa4 {[%emt 0:07:19]} Ne8 {[%emt 0:16:20]} 16. b4 {[%emt 0:02:45]} f5 {[%emt 0:01:18]} 17. bxc5 {[%emt 0:02:08]} Rxc5 {[%emt 0:06:09]} 18. Qb4 {[%emt 0:02:51]} Rc8 {[%emt 0:08:28]} 19. Na4 {[%emt 0:05:19]} Rb8 {[%emt 0:09:41]} 20. Rab1 {[%emt 0:03:46]} Bc8 {[%emt 0:01:36]} 21. Qc3 {[%emt 0:09:12]} b5 {[%emt 0:03:31]} 22. cxb5 {[%emt 0:12:31]} axb5 {[%emt 0:00:08]} 23. Nb2 {[%emt 0:09:03]} Nc5 {[%emt 0:01:09]} 24. Nb3 {[%emt 0:02:33]} Nxb3 {[%emt 0:03:21]} 25. Qxb3 {[%emt 0:00:03]} Nf6 {[%emt 0:00:40]} 26. Nd3 {[%emt 0:02:01]} Kh8 {[%emt 0:03:29]} 27. Nb4 {[%emt 0:02:10]} Bb7 {[%emt 0:00:59]} 28. Qd3 {[%emt 0:01:24]} Qd7 {[%emt 0:09:11]} 29. Nc6 {[%emt 0:01:19]} Ra8 {[%emt 0:00:37]} 30. Qxb5 {[%emt 0:00:59]} Ba6 {[%emt 0:00:10]} 31. Qb2 {[%emt 0:00:55]} e4 {[%emt 0:00:21]} 32. Qd2 {[%emt 0:02:16]} Bc4 {[%emt 0:00:14]} 33. Nb4 {[%emt 0:00:40]} Rfc8 {[%emt 0:02:44]} 34. Ra1 {[%emt 0:00:24]} Qb5 {[%emt 0:00:23]} 35. Bf1 {[%emt 0:00:32]} Bb3 {[%emt 0:00:51]} 36. e3 {[%emt 0:00:28]} Qa5 {[%emt 0:00:34]} 37. Rdc1 {[%emt 0:00:34]} Nxd5 {[%emt 0:00:43]} 38. Rcb1 {[%emt 0:00:23]} Nxb4 {[%emt 0:02:37]} 39. Rxb3 {[%emt 0:00:22]} Nc2 {[%emt 0:00:08]} 40. Qxa5 {[%emt 0:00:00]} Rxa5 {[%emt 0:00:01]} 41. Rc1 {[%emt 0:15:11]} h6 {[%emt 0:00:54]} 42. Rb2 {[%emt 0:05:13]} Rac5 {[%emt 0:00:22]} 43. a4 {[%emt 0:07:04]} Na3 {[%emt 0:01:23]} 44. Rxc5 {[%emt 0:01:08]} dxc5 {[%emt 0:00:40]} 45. Ra2 {[%emt 0:02:01]} Nb1 {[%emt 0:01:33]} 46. Bc4 {[%emt 0:00:49]} g6 {[%emt 0:03:15]} 47. a5 {[%emt 0:00:33]} Nc3 {[%emt 0:04:35]} 48. Ra3 {[%emt 0:00:51]} Nb1 {[%emt 0:00:13]} 49. Ra1 {[%emt 0:01:04]} Nd2 {[%emt 0:00:11]} 50. Bd5 {[%emt 0:00:30]} Rc7 {[%emt 0:01:44]} 51. a6 {[%emt 0:01:00]} Ra7 {[%emt 0:00:25]} 52. Bb7 {[%emt 0:00:39]} c4 {[%emt 0:03:33]} 53. Rc1 {[%emt 0:00:39]} Kg7 {[%emt 0:00:27]} 54. Kg2 {[%emt 0:00:35]} h5 {[%emt 0:02:05]} 55. Rc2 {[%emt 0:00:22]} Nb3 {[%emt 0:00:38]} 56. Rxc4 {[%emt 0:00:18]} Na5 {[%emt 0:00:31]} 57. Rc5 {[%emt 0:00:55]} Nxb7 {[%emt 0:00:17]} 58. Rc7+ {[%emt 0:00:06]} Kh6 {[%emt 0:01:33]} 59. axb7 {[%emt 0:00:04]} Rxb7 {[%emt 0:00:27]} 60. Rxb7 {[%emt 0:00:06]} h4 {[%emt 0:00:06]} 61. gxh4 {[%emt 0:00:16]} Kh5 {[%emt 0:00:05]} 62. Rh7+ {[%emt 0:00:19]} Kg4 {[%emt 0:00:08]} 63. h3# {[%emt 0:00:06]} 1-0

[Event "EYCC 2017"]
[Site "Mamaia"]
[Date "2017.09.09"]
[Round "5"]
[White "Sosnina, Ekaterina"]
[Black "Hajiyeva, Laman"]
[Result "0-1"]
[WhiteElo "1775"]
[BlackElo "1818"]
[Annotator "NA"]
[PlyCount "110"]
[EventDate "2017.??.??"]
[EventType "swiss"]
[EventCountry "ROU"]
[SourceTitle "playchess.com"]
[Source "ChessBase"]
[SourceQuality "1"]
[TimeControl "40/5400+30:1800+30"]

1. e4 {[%emt 0:00:00]} e6 {[%emt 0:00:07]} 2. d4 {[%emt 0:00:00]} d5 {[%emt 0:00:07]} 3. Nd2 {[%emt 0:00:00]} a6 {[%emt 0:00:02]} 4. Ngf3 {[%emt 0:03:27]} c5 {[%emt 0:00:06]} 5. c3 {[%emt 0:00:23]} Nc6 {[%emt 0:01:54]} 6. Bd3 {[%emt 0:00:45]} Nf6 {[%emt 0:01:49]} 7. O-O {[%emt 0:00:26]} c4 {[%emt 0:02:54]} 8. Bc2 {[%emt 0:00:39]} Be7 {[%emt 0:00:48]} 9. h3 {[%emt 0:20:40]} O-O {[%emt 0:02:06]} 10. e5 {[%emt 0:00:06]} Nd7 {[%emt 0:00:40]} 11. Nh2 {[%emt 0:00:38]} f6 {[%emt 0:06:41]} 12. exf6 {[%emt 0:05:51]} Nxf6 {[%emt 0:02:04]} 13. Ndf3 {[%emt 0:11:48]} Qe8 {[%emt 0:16:42]} 14. Ne5 {[%emt 0:06:43]} Bd6 {[%emt 0:09:31]} 15. f4 {[%emt 0:02:41]} g6 {[%emt 0:08:35]} 16. Qe1 {[%emt 0:19:02]} Ne7 {[%emt 0:03:25]} 17. Nhf3 {[%emt 0:08:11]} b5 {[%emt 0:08:54]} 18. Ng5 {[%emt 0:04:28]} h6 {[%emt 0:02:33]} 19. Ngf3 {[%emt 0:00:51]} Kg7 {[%emt 0:08:56]} 20. Nh4 {[%emt 0:03:13]} Bxe5 {[%emt 0:00:30]} 21. fxe5 {[%emt 0:02:07]} Nh5 {[%emt 0:00:53]} 22. g4 {[%emt 0:00:23]} Rxf1+ {[%emt 0:03:36]} 23. Qxf1 {[%emt 0:00:35]} Ng3 {[%emt 0:00:18]} 24. Qf6+ {[%emt 0:06:17]} Kh7 {[%emt 0:00:05]} 25. Be3 {[%emt 0:00:37]} Bd7 {[%emt 0:03:47]} 26. Kg2 {[%emt 0:01:03]} Ne4 {[%emt 0:00:52]} 27. Bxe4 {[%emt 0:00:05]} dxe4 {[%emt 0:00:03]} 28. Rf1 {[%emt 0:00:03]} Nd5 {[%emt 0:03:12]} 29. Qf7+ {[%emt 0:02:01]} Qxf7 {[%emt 0:00:07]} 30. Rxf7+ {[%emt 0:00:04]} Kg8 {[%emt 0:00:05]} 31. Rxd7 {[%emt 0:00:05]} Nxe3+ {[%emt 0:00:06]} 32. Kf2 {[%emt 0:00:06]} Nd1+ {[%emt 0:01:31]} 33. Ke2 {[%emt 0:00:04]} Nxb2 {[%emt 0:00:07]} 34. Nxg6 {[%emt 0:02:10]} Na4 {[%emt 0:02:24]} 35. Kd2 {[%emt 0:00:56]} e3+ {[%emt 0:01:07]} 36. Kxe3 {[%emt 0:00:05]} Nxc3 {[%emt 0:00:02]} 37. h4 {[%emt 0:00:07]} Nd5+ {[%emt 0:01:25]} 38. Kd2 {[%emt 0:00:12]} b4 {[%emt 0:01:22]} 39. g5 {[%emt 0:00:16]} hxg5 {[%emt 0:00:06]} 40. h5 {[%emt 0:00:00]} c3+ {[%emt 0:04:03]} 41. Kc1 {[%emt 0:03:57]} Nf4 {[%emt 0:00:53]} 42. h6 {[%emt 0:12:51]} Nxg6 {[%emt 0:01:08]} 43. Rg7+ {[%emt 0:00:04]} Kh8 {[%emt 0:00:26]} 44. Rxg6 {[%emt 0:00:05]} Rf8 {[%emt 0:04:20]} 45. Rxe6 {[%emt 0:06:19]} Rf1+ {[%emt 0:03:57]} 46. Kc2 {[%emt 0:00:06]} Rf2+ {[%emt 0:00:03]} 47. Kb1 {[%emt 0:00:05]} Rb2+ {[%emt 0:02:02]} 48. Ka1 {[%emt 0:00:05]} a5 {[%emt 0:01:06]} 49. Rg6 {[%emt 0:04:13]} a4 {[%emt 0:02:01]} 50. Rb6 {[%emt 0:09:34]} b3 {[%emt 0:00:59]} 51. axb3 {[%emt 0:00:09]} axb3 {[%emt 0:00:03]} 52. Ra6 {[%emt 0:00:18]} Rd2 {[%emt 0:00:26]} 53. Ra8+ {[%emt 0:00:58]} Kh7 {[%emt 0:00:06]} 54. Ra7+ {[%emt 0:00:10]} Kxh6 {[%emt 0:00:06]} 55. Ra6+ {[%emt 0:00:33]} Kh5 {[%emt 0:00:08]} 0-1